00687nam a2200241 a 4500001001300000003000900013005001700022008004100039020001000080082001500090100001900105245004600124260004800170300000900218500003500227505001000262650002900272700001900301902000800320942000700328952009500335999001500430nice12345678IN_TiNIC20260116012020.0050524s1898 lona grp 000 0 eng  ac10000a226.2bPAR aParananda, Sri aGospel of Jesus According to St. Matthew. aLondonbKegna Paul Trench and Companyc1898 a264p aincludes index and biblioraphy2 aIndex aBible N.T. Gospel Mathew1 aParananda, Sri bRBA cBK 00104070aHMIbHMId2007-06-20g100.00l0o226.2 PARp9381r2007-06-20w2026-01-16yARB c5295d5295